Loading...
Fine Arts - Classical Music | 5 | 20.00 | 100% | 80% | 20% |
Fine Arts - Other Fine Arts | 8 | 13.75 | 75% | 63% | 0% |
Fine Arts - Painting & Sculpture | 5 | 18.00 | 100% | 80% | 0% |
History - American History | 7 | 18.57 | 100% | 86% | 0% |
History - European History | 8 | 18.75 | 100% | 75% | 13% |
History - Other History | 6 | 20.00 | 83% | 100% | 17% |
History - World History | 7 | 20.00 | 100% | 71% | 29% |
Literature - American Literature | 6 | 13.33 | 100% | 33% | 0% |
Literature - British Literature | 5 | 14.00 | 100% | 20% | 20% |
Literature - European Literature | 6 | 21.67 | 100% | 83% | 33% |
Literature - World Literature | 4 | 17.50 | 100% | 50% | 25% |
Mythology | 5 | 16.00 | 100% | 40% | 20% |
Other | 6 | 16.67 | 83% | 83% | 0% |
Philosophy | 7 | 11.43 | 86% | 29% | 0% |
Religion | 6 | 16.67 | 100% | 50% | 17% |
Science - Biology | 10 | 16.00 | 100% | 50% | 10% |
Science - Chemistry | 5 | 16.00 | 100% | 60% | 0% |
Science - Other Science | 6 | 20.00 | 100% | 67% | 33% |
Science - Physics | 7 | 22.86 | 100% | 86% | 43% |
Social Science | 5 | 18.00 | 100% | 60% | 20% |